[Event "Titled Tuesday intern op 29th Nov Early"]
[Site "Chess.com INT"]
[Date "2022.11.29"]
[Round "9"]
[White "Hrabinska, Myroslava"]
[Black "Liu, Xiangyi"]
[Result "1-0"]
[WhiteElo "2210"]
[BlackElo "2377"]
[PlyCount "79"]
[EventDate "2022.11.29"]
[EventType "swiss (blitz)"]
[EventRounds "11"]
[EventCountry "USA"]
[SourceTitle "EXT 2024"]
[Source "ChessBase"]
[SourceDate "2023.10.10"]
[SourceVersion "1"]
[SourceVersionDate "2023.10.10"]
[SourceQuality "1"]

1. e4 e6 2. Nf3 d5 3. e5 c5 4. b4 d4 5. Bb2 Nc6 6. b5 Nce7 7. c3 Nf5 8. cxd4 cxd4 9. Bd3 Ngh6 10. a4 Bc5 11. Na3 0-0 12. Rc1 b6 13. Be4 Rb8 14. Qe2 Bb7 15. 0-0 Qe7 16. Nc4 Rfd8 17. d3 Nh4 18. Nxh4 Qxh4 19. g3 Qh3 20. Bxb7 Ng4 21. f3 Ne3 22. Nxe3 dxe3 23. Be4 Qh6 24. f4 f5 25. exf6 gxf6 26. d4 Bxd4 27. Bxd4 Rxd4 28. Qxe3 Rbd8 29. Rc7 f5 30. Bg2 Qf6 31. Qe5 Qxe5 32. fxe5 Rxa4 33. Re7 Rd2 34. Rxe6 Raa2 35. Bc6 Rxh2 36. Rxf5 Rh3 37. Rf3 Rc2 38. Re8+ Kg7 39. Re7+ Kg8 40. Bd5+ 1-0

[Event "Titled Tuesday intern op 29th Nov Early"]
[Site "Chess.com INT"]
[Date "2022.11.29"]
[Round "7"]
[White "Liu, Xiangyi"]
[Black "Mitrovic, Darko R"]
[Result "1-0"]
[WhiteElo "2377"]
[BlackElo "2223"]
[PlyCount "81"]
[EventDate "2022.11.29"]
[EventType "swiss (blitz)"]
[EventRounds "11"]
[EventCountry "USA"]
[SourceTitle "EXT 2024"]
[Source "ChessBase"]
[SourceDate "2023.10.10"]
[SourceVersion "1"]
[SourceVersionDate "2023.10.10"]
[SourceQuality "1"]

1. e4 e6 2. Nf3 d5 3. e5 c5 4. g3 Nc6 5. Bg2 Qc7 6. Qe2 f6 7. exf6 Nxf6 8. 0-0 Bd6 9. d3 0-0 10. c4 Bd7 11. Nc3 Rae8 12. Bg5 Nd4 13. Qd1 Nxf3+ 14. Bxf3 Bc6 15. Bxf6 Rxf6 16. cxd5 exd5 17. Bxd5+ Kh8 18. Bxc6 Qxc6 19. Ne4 Rfe6 20. Qh5 h6 21. Rac1 b6 22. Rc4 Qd7 23. Ng5 R6e7 24. Re4 Rxe4 25. dxe4 Kg8 26. Rd1 hxg5 27. Rxd6 Qxd6 28. Qxe8+ Kh7 29. Qh5+ Qh6 30. Qxh6+ Kxh6 31. f4 gxf4 32. gxf4 Kh5 33. Kf2 Kg4 34. e5 Kf5 35. h4 c4 36. Ke3 b5 37. Kd4 a5 38. Kc5 a4 39. Kb4 Ke6 40. a3 g6 41. Kxb5 1-0

[Event "Titled Tuesday intern op 15th Nov Early"]
[Site "Chess.com INT"]
[Date "2022.11.15"]
[Round "10"]
[White "Marchesich, Giovanni"]
[Black "Liu, Xiangyi"]
[Result "1/2-1/2"]
[WhiteElo "2192"]
[BlackElo "2377"]
[PlyCount "146"]
[EventDate "2022.11.15"]
[EventType "swiss (blitz)"]
[EventRounds "11"]
[EventCountry "USA"]
[SourceTitle "CBM 211 Extra"]
[Source "ChessBase"]
[SourceDate "2023.01.31"]
[SourceVersion "1"]
[SourceVersionDate "2023.01.31"]
[SourceQuality "1"]

1. e4 g6 2. d4 Bg7 3. Nc3 c6 4. g3 b5 5. Bg2 b4 6. Nce2 d6 7. Nf3 Nf6 8. e5 Nd5 9. 0-0 0-0 10. Re1 Nd7 11. Nf4 N7b6 12. h4 Bg4 13. Qd3 Bf5 14. Qe2 Nxf4 15. Bxf4 Nd5 16. Bg5 Qb6 17. Qd2 dxe5 18. dxe5 Rfd8 19. Qe2 h6 20. Bd2 Bxc2 21. Bxh6 Bxh6 22. Qxc2 e6 23. Ng5 Bxg5 24. hxg5 Rac8 25. Re4 Kf8 26. Qe2 c5 27. Rh4 Ke7 28. Rd1 Rd7 29. Rh7 Rf8 30. Be4 Kd8 31. Qf3 Qc6 32. Bxg6 Kc7 33. Be4 Kb6 34. g6 fxg6 35. Qxf8 Rxh7 36. Qb8+ Rb7 37. Qd8+ Qc7 38. Qxc7+ Rxc7 39. Bxd5 exd5 40. Rxd5 c4 41. Rd2 g5 42. Kf1 Kc5 43. Ke2 c3 44. bxc3 bxc3 45. Rc2 Kd4 46. f4 gxf4 47. gxf4 Rh7 48. Kf3 Kd3 49. Rc1 Kd2 50. Rg1 Rh3+ 51. Ke4 Re3+ 52. Kd5 c2 53. e6 Re1 54. Rg2+ Re2 55. Rg1 Kc3 56. Rc1 Rd2+ 57. Ke5 Kb2 58. Rxc2+ Rxc2 59. f5 Re2+ 60. Kd6 Kxa2 61. f6 a5 62. f7 Rf2 63. Ke7 a4 64. f8Q Rxf8 65. Kxf8 a3 66. e7 Kb1 67. e8Q a2 68. Qb5+ Kc2 69. Qc4+ Kb1 70. Qb3+ Ka1 71. Qc3+ Kb1 72. Qb3+ Ka1 73. Qxa2+ Kxa2 1/2-1/2

[Event "Titled Tuesday intern op 15th Nov Early"]
[Site "Chess.com INT"]
[Date "2022.11.15"]
[Round "8"]
[White "Musat, Adrian"]
[Black "Liu, Xiangyi"]
[Result "0-1"]
[WhiteElo "2378"]
[BlackElo "2377"]
[PlyCount "32"]
[EventDate "2022.11.15"]
[EventType "swiss (blitz)"]
[EventRounds "11"]
[EventCountry "USA"]
[SourceTitle "CBM 211 Extra"]
[Source "ChessBase"]
[SourceDate "2023.01.31"]
[SourceVersion "1"]
[SourceVersionDate "2023.01.31"]
[SourceQuality "1"]

1. d4 Nf6 2. Bf4 g6 3. Nf3 Bg7 4. c3 d6 5. Nbd2 0-0 6. e4 Nbd7 7. Be2 b6 8. 0-0 Bb7 9. e5 Nh5 10. Be3 f5 11. exf6 Ndxf6 12. Ng5 Qd7 13. g4 h6 14. gxh5 hxg5 15. hxg6 Qh3 16. Bf3 Ng4 0-1

[Event "Titled Tuesday intern op 11th Oct Early"]
[Site "Chess.com INT"]
[Date "2022.10.11"]
[Round "11"]
[White "Aarav, Dengla"]
[Black "Liu, Xiangyi"]
[Result "0-1"]
[WhiteElo "2357"]
[BlackElo "2377"]
[PlyCount "186"]
[EventDate "2022.10.11"]
[EventType "swiss (blitz)"]
[EventRounds "11"]
[EventCountry "USA"]
[SourceTitle "EXT 2024"]
[Source "ChessBase"]
[SourceDate "2023.10.10"]
[SourceVersion "1"]
[SourceVersionDate "2023.10.10"]
[SourceQuality "1"]

1. e4 e6 2. d4 d5 3. exd5 exd5 4. Nf3 Bd6 5. c4 Nc6 6. Nc3 Nf6 7. c5 Be7 8. Bb5 0-0 9. Bxc6 bxc6 10. Ne5 Qe8 11. Qe2 a5 12. 0-0 Ba6 13. Nd3 Ne4 14. Nxe4 dxe4 15. Qxe4 Bf6 16. Qf3 Bxd4 17. Re1 Qd7 18. Ne5 Qd5 19. Qg3 Rfe8 20. Bf4 Rad8 21. Rad1 Qxc5 22. Nf3 Rxe1+ 23. Rxe1 Bxb2 24. Bxc7 Rc8 25. h4 Bc4 26. Be5 Bxe5 27. Rxe5 Qb4 28. h5 Bxa2 29. h6 g6 30. Qg5 a4 31. Qf6 Qf8 32. Ng5 Qxh6 33. Re3 Qg7 34. Qe7 Bb3 35. Qb4 h6 36. Ne4 Kh7 37. Nd6 Rc7 38. Ne8 Qa1+ 39. Re1 Rb7 40. Qd2 Qh8 41. Qf4 Be6 42. Nf6+ Kg7 43. Qe5 Qb8 44. Ne8+ Kf8 45. Qh8+ Ke7 46. Qxh6 Kxe8 47. Qh8+ Kd7 48. Qd4+ Qd6 49. Qxa4 Rb5 50. Qa7+ Qc7 51. Qe3 Rd5 52. Rc1 Qd6 53. Qf3 c5 54. Qe3 Ke7 55. Qg3 Qxg3 56. fxg3 Kd6 57. Kh2 Rd2 58. g4 Bd5 59. Kg3 Rxg2+ 60. Kf4 Rf2+ 61. Kg5 Ke5 62. Kh6 c4 63. g5 Be4 64. Kg7 Bd3 65. Re1+ Kd4 66. Re8 Rf5 67. Rd8+ Kc3 68. Kh6 Kc2 69. Rc8 c3 70. Rc7 Rf2 71. Kg7 Kd2 72. Rd7 c2 73. Rc7 c1Q 74. Rxc1 Kxc1 75. Kh7 Kd2 76. Kg7 Rf5 77. Kh6 Ke3 78. Kg7 Kf3 79. Kh6 Kg3 80. Kg7 Kg4 81. Kh6 Bc4 82. Kg7 Rxg5 83. Kg8 f5+ 84. Kg7 f4 85. Kh6 f3 86. Kg7 f2 87. Kh8 Ra5 88. Kh7 g5 89. Kg7 Ra6 90. Kh7 Be2 91. Kh8 f1Q 92. Kg7 Qb1 93. Kg8 Qb7 0-1

[Event "Titled Tuesday intern op 11th Oct Early"]
[Site "Chess.com INT"]
[Date "2022.10.11"]
[Round "7"]
[White "Kuznetsova, Olga1111"]
[Black "Liu, Xiangyi"]
[Result "1/2-1/2"]
[WhiteElo "2142"]
[BlackElo "2377"]
[PlyCount "132"]
[EventDate "2022.10.11"]
[EventType "swiss (blitz)"]
[EventRounds "11"]
[EventCountry "USA"]
[SourceTitle "EXT 2024"]
[Source "ChessBase"]
[SourceDate "2023.10.10"]
[SourceVersion "1"]
[SourceVersionDate "2023.10.10"]
[SourceQuality "1"]

1. d4 Nf6 2. g3 g6 3. Bg2 d5 4. Nf3 Bg7 5. 0-0 0-0 6. b3 c5 7. Bb2 Ne4 8. Ne5 Nc6 9. Nxc6 bxc6 10. Nd2 f5 11. Nf3 Qc7 12. Rc1 cxd4 13. Bxd4 e5 14. Ba1 Be6 15. e3 Rad8 16. Qe2 g5 17. Nd2 Qa5 18. Nxe4 dxe4 19. c3 Rd3 20. Rfd1 Rfd8 21. Qc2 Rxd1+ 22. Rxd1 Rxd1+ 23. Qxd1 Qxa2 24. c4 Qa5 25. Bh3 g4 26. Bf1 Kf7 27. Bb2 Qb4 28. Qd8 Qb6 29. Qa8 Bf6 30. Ba3 Kg6 31. Bd6 c5 32. Qb8 Kf7 33. Qxb6 axb6 34. Bc7 Ke7 35. Bxb6 Kd6 36. Ba5 Kc6 37. Bc3 h5 38. Be2 Bc8 39. Kf1 Kd6 40. Ke1 Bd8 41. Kd2 Bb6 42. Kc2 Bb7 43. Kb2 Ke6 44. Ka3 f4 45. b4 fxe3 46. fxe3 cxb4+ 47. Kxb4 Bxe3 48. c5 Bd5 49. Ba6 Bd4 50. Be1 Kd7 51. Kb5 Bc6+ 52. Kb6 e3 53. Bd3 e4 54. Bc4 e2 55. Bxe2 Bg1 56. Bc4 Ba8 57. Bf7 Bxh2 58. Bxh5 Ke6 59. Bxg4+ Ke5 60. c6 Bxc6 61. Kxc6 Kd4 62. Kd6 Ke3 63. Ke5 Kd3 64. Bf5 Ke2 65. Kxe4 Kxe1 66. Kf3 Bxg3 1/2-1/2

[Event "Titled Tuesday intern op 11th Oct Early"]
[Site "Chess.com INT"]
[Date "2022.10.11"]
[Round "4"]
[White "Winterberg, Lukas"]
[Black "Liu, Xiangyi"]
[Result "0-1"]
[WhiteElo "2394"]
[BlackElo "2377"]
[PlyCount "56"]
[EventDate "2022.10.11"]
[EventType "swiss (blitz)"]
[EventRounds "11"]
[EventCountry "USA"]
[SourceTitle "EXT 2024"]
[Source "ChessBase"]
[SourceDate "2023.10.10"]
[SourceVersion "1"]
[SourceVersionDate "2023.10.10"]
[SourceQuality "1"]

1. d4 Nf6 2. Nf3 g6 3. c4 Bg7 4. Nc3 d5 5. cxd5 Nxd5 6. e4 Nxc3 7. bxc3 0-0 8. Be2 c5 9. 0-0 Nd7 10. Be3 Nf6 11. Qc2 Qc7 12. e5 Nd5 13. Bd2 cxd4 14. Nxd4 Bxe5 15. Nf3 Nxc3 16. Bd3 Ne2+ 17. Kh1 Qxc2 18. Bxc2 Bxa1 19. Rxa1 Bg4 20. Re1 Bxf3 21. gxf3 Nd4 22. Be4 Rfd8 23. Bb4 Rd7 24. Kg2 Rc8 25. a3 b6 26. Rb1 Nc2 27. Rc1 Ne3+ 28. fxe3 Rxc1 0-1

[Event "Titled Tuesday intern op 04th Oct Early"]
[Site "Chess.com INT"]
[Date "2022.10.04"]
[Round "10"]
[White "Miszler, Levente"]
[Black "Liu, Xiangyi"]
[Result "0-1"]
[WhiteElo "2276"]
[BlackElo "2377"]
[PlyCount "58"]
[EventDate "2022.10.04"]
[EventType "swiss (blitz)"]
[EventRounds "11"]
[EventCountry "USA"]
[SourceTitle "EXT 2023"]
[Source "ChessBase"]
[SourceDate "2022.10.05"]
[SourceVersion "1"]
[SourceVersionDate "2022.10.05"]
[SourceQuality "1"]

1. Nf3 Nf6 2. c4 g6 3. g3 Bg7 4. Bg2 0-0 5. 0-0 d5 6. d4 Nc6 7. cxd5 Nxd5 8. Nc3 Nb6 9. e3 Re8 10. a4 a5 11. b3 e5 12. Nb5 Bg4 13. Bb2 e4 14. h3 exf3 15. hxg4 fxg2 16. Kxg2 Nb4 17. Rc1 c6 18. Na3 Qd5+ 19. Kg1 Qe4 20. Nc4 Nxc4 21. Rxc4 Rad8 22. Rc5 Rd5 23. Ba3 Rxc5 24. dxc5 Nd5 25. Qd2 Bc3 26. Qe2 h6 27. Rd1 Be5 28. Qc4 Qf3 29. Bc1 Qxd1+ 0-1

[Event "Titled Tuesday intern op 26th Jul Early"]
[Site "Chess.com INT"]
[Date "2022.07.26"]
[Round "5"]
[White "Jakubowska, Anna"]
[Black "Liu, Xiangyi"]
[Result "0-1"]
[WhiteElo "2138"]
[BlackElo "2377"]
[PlyCount "76"]
[EventDate "2022.07.26"]
[EventType "swiss (blitz)"]
[EventRounds "11"]
[EventCountry "USA"]
[SourceTitle "EXT 2023"]
[Source "ChessBase"]
[SourceDate "2022.10.05"]
[SourceVersion "1"]
[SourceVersionDate "2022.10.05"]
[SourceQuality "1"]

1. e4 e6 2. d4 d5 3. Nd2 c5 4. exd5 Qxd5 5. Ngf3 cxd4 6. Bc4 Qd7 7. 0-0 Nc6 8. Qe2 a6 9. Rd1 b5 10. Bb3 Bb7 11. a4 d3 12. cxd3 Na5 13. axb5 Nxb3 14. Nxb3 Qxb5 15. Nbd4 Qd5 16. Bd2 Nf6 17. Ra5 Qd7 18. Bc3 Nd5 19. Ne5 Qc7 20. Nxf7 Nf4 21. Qe3 Qxf7 22. Rf5 Qg6 23. g3 Bd6 24. Rxf4 Bxf4 25. Qxf4 Qf7 26. Qd6 Bd5 27. Re1 Qe7 28. Qe5 0-0-0 29. Ba5 Rd7 30. Nf5 Qc5 31. b4 Qc6 32. Nd4 Qc3 33. Nxe6 Qxe5 34. Rxe5 Re8 35. Rxd5 Rxd5 36. Nc7 Re1+ 37. Kg2 Rxa5 38. bxa5 Kxc7 0-1

[Event "Titled Tuesday intern op 26th Jul Early"]
[Site "Chess.com INT"]
[Date "2022.07.26"]
[Round "6"]
[White "Liu, Xiangyi"]
[Black "Kuchava, Ana"]
[Result "1-0"]
[WhiteElo "2377"]
[BlackElo "2101"]
[PlyCount "75"]
[EventDate "2022.07.26"]
[EventType "swiss (blitz)"]
[EventRounds "11"]
[EventCountry "USA"]
[SourceTitle "EXT 2023"]
[Source "ChessBase"]
[SourceDate "2022.10.05"]
[SourceVersion "1"]
[SourceVersionDate "2022.10.05"]
[SourceQuality "1"]

1. e4 c5 2. Nf3 d6 3. g3 Nc6 4. Bg2 g6 5. 0-0 Bg7 6. c3 Nf6 7. d4 cxd4 8. cxd4 0-0 9. Nc3 e5 10. d5 Nb4 11. a3 Na6 12. b4 Nd7 13. Bg5 f6 14. Bd2 Nb6 15. Qb3 h6 16. Rfc1 Nc7 17. a4 a5 18. bxa5 Nd7 19. Nb5 Nc5 20. Rxc5 dxc5 21. d6+ Ne6 22. Nc7 Qxd6 23. Nxa8 Kh7 24. Nb6 f5 25. Re1 f4 26. Bc3 Nd4 27. Bxd4 cxd4 28. Nc4 Qc5 29. Qb5 Qxb5 30. axb5 Bd7 31. Rb1 fxg3 32. hxg3 Re8 33. Nd6 Ra8 34. Nxb7 Ra7 35. Nc5 Bg4 36. a6 Rc7 37. b6 Rxc5 38. b7 1-0

[Event "Online Olym Div2 A"]
[Site "Chess.com INT"]
[Date "2021.09.02"]
[Round "1.4"]
[White "Abdyjapar, Asyl"]
[Black "Liu, Xiangyi"]
[Result "1-0"]
[WhiteElo "2409"]
[BlackElo "2377"]
[PlyCount "99"]
[EventDate "2021.09.02"]
[EventType "team (rapid)"]
[EventRounds "9"]
[EventCountry "USA"]
[SourceTitle "CBM 204 Extra"]
[Source "ChessBase"]
[SourceDate "2021.11.30"]
[SourceVersion "1"]
[SourceVersionDate "2021.11.30"]
[SourceQuality "1"]
[WhiteTeam "Kyrgyzstan"]
[BlackTeam "Singapore"]
[WhiteTeamCountry "KGZ"]
[BlackTeamCountry "SIN"]

1. d4 Nf6 2. c4 g6 3. Nc3 d5 4. cxd5 Nxd5 5. e4 Nxc3 6. bxc3 Bg7 7. Bb5+ c6 8. Ba4 0-0 9. Ne2 c5 10. 0-0 Bd7 11. Bb3 Nc6 12. Be3 Na5 13. d5 Rc8 14. Rc1 b5 15. Qd2 Qb6 16. Bh6 e5 17. Be3 f5 18. f3 Qa6 19. h3 c4 20. Bc2 f4 21. Bf2 Nb7 22. Ra1 Nc5 23. Rfb1 Bf6 24. d6 Rfd8 25. Rd1 Kg7 26. g3 fxg3 27. Nxg3 Ne6 28. Kh2 Nf4 29. Be3 Nxh3 30. a4 bxa4 31. f4 Nxf4 32. Rg1 Kh8 33. Raf1 Rf8 34. Rxf4 exf4 35. Bxf4 a3 36. e5 Bg7 37. Nh5 gxh5 38. Rxg7 Kxg7 39. e6 Rxf4 40. Qxf4 Bxe6 41. Qg5+ Kf7 42. Qe7+ Kg8 43. Qxe6+ Kg7 44. Qe7+ Kg8 45. Bf5 h6 46. Be6+ Kh8 47. d7 a2 48. Qf6+ Kh7 49. Bf5+ Kg8 50. Qxa6 1-0

[Event "Titled Tuesday intern op 27th Apr"]
[Site "Chess.com INT"]
[Date "2021.04.27"]
[Round "3"]
[White "Liu, Xiangyi"]
[Black "Li, Hui"]
[Result "1-0"]
[WhiteElo "2377"]
[BlackElo "1985"]
[PlyCount "121"]
[EventDate "2021.04.27"]
[EventType "swiss (blitz)"]
[EventRounds "11"]
[EventCountry "USA"]
[SourceTitle "CBM 202 Extra"]
[Source "ChessBase"]
[SourceDate "2021.07.31"]
[SourceVersion "1"]
[SourceVersionDate "2021.07.31"]
[SourceQuality "1"]

1. e4 e5 2. Nf3 Nf6 3. d4 exd4 4. e5 Ne4 5. Qxd4 d5 6. exd6 Nxd6 7. Nc3 Nc6 8. Qf4 Nf5 9. Bb5 Bd6 10. Qe4+ Qe7 11. g4 Qxe4+ 12. Nxe4 Nfe7 13. Nxd6+ cxd6 14. h3 h5 15. Rg1 hxg4 16. hxg4 Be6 17. Bf4 0-0-0 18. 0-0-0 Nd5 19. Bd2 Nf6 20. g5 Ne4 21. Be3 a6 22. Be2 Kc7 23. a3 Nc5 24. Nd4 Nxd4 25. Bxd4 Rh7 26. b4 Nd7 27. g6 fxg6 28. Rxg6 Bf5 29. Rxg7 Rxg7 30. Bxg7 Ne5 31. Bxe5 dxe5 32. Rxd8 Kxd8 33. Kd2 Ke7 34. Bd3 Bc8 35. Ke3 Kd6 36. c4 b6 37. Ke4 Bb7+ 38. Kf5 a5 39. Be4 Bc8+ 40. Kf6 axb4 41. axb4 Bd7 42. f3 Bc8 43. Ba8 Bd7 44. Bd5 Bc8 45. Kf7 Bd7 46. Kf6 Bc8 47. Bg8 Bd7 48. Bh7 Bc6 49. Be4 Bd7 50. c5+ bxc5 51. bxc5+ Kxc5 52. Kxe5 Kb6 53. Kd6 Bc8 54. f4 Ka7 55. Bd5 Kb8 56. Be6 Ba6 57. f5 Bd3 58. f6 Bg6 59. Ke7 Kc7 60. Bf7 Bf5 61. Bh5 1-0

[Event "Titled Tuesday intern op 20th Apr"]
[Site "Chess.com INT"]
[Date "2021.04.20"]
[Round "2"]
[White "Golubenko, Valentina"]
[Black "Liu, Xiangyi"]
[Result "0-1"]
[WhiteElo "2209"]
[BlackElo "2377"]
[PlyCount "44"]
[EventDate "2021.04.20"]
[EventType "swiss (blitz)"]
[EventRounds "11"]
[EventCountry "USA"]
[SourceTitle "CBM 202 Extra"]
[Source "ChessBase"]
[SourceDate "2021.07.31"]
[SourceVersion "1"]
[SourceVersionDate "2021.07.31"]
[SourceQuality "1"]

1. d4 Nf6 2. g3 g6 3. Bg2 Bg7 4. c4 0-0 5. Nf3 d5 6. cxd5 Nxd5 7. 0-0 Nc6 8. e4 Nb6 9. d5 Na5 10. Nc3 c6 11. Bf4 Nac4 12. Qb3 cxd5 13. exd5 Bg4 14. a4 Rc8 15. Rac1 Nxb2 16. a5 N6c4 17. Qxb7 Nd3 18. Qxa7 Nxc1 19. Rxc1 Qxa5 20. Qxa5 Nxa5 21. Bd2 Bxf3 22. Bxf3 Nb3 0-1